01291nam a2200313Ia 4500001001200000003000800012006001900020007001500039008004100054010001700095020001800112020003100130040002100161035002100182050002400203100002600227245015500253260004100408300001500449504005100464533015200515650004700667650003700714655002900751700002400780700003000804710001700834856012600851ebr10369843CaPaEBRm u cr cn|||||||||090529s2010 dcu sb 001 0 eng d z 2009020886 z9780821380284 z9780821380291 (electronic) aCaPaEBRcCaPaEBR a(OCoLC)64783613214aHD75.9b.K52 2010eb1 aKhandker, Shahidur R.10aHandbook on impact evaluationh[electronic resource] :bquantitative methods and practices /cShahidur R. Khandker, Gayatri B. Koolwal, Hussain Samad. aWashington, DC :bWorld Bank,c2010. axx, 239 p. aIncludes bibliographical references and index. aElectronic reproduction.bPalo Alto, Calif. :cebrary,d2010.nAvailable via World Wide Web.nAccess may be limited to ebrary affiliated libraries. 0aEconomic development projectsxEvaluation. 0aEconomic assistancexEvaluation. 7aElectronic books.2local1 aKoolwal, Gayatri B.1 aSamad, Hussain A.,d1963-2 aebrary, Inc.40uhttp://site.ebrary.com/lib/rucke/Doc?id=10369843zAn electronic book accessible through the World Wide Web; click to view